70's TV Shows by Clue - Statistics

General Stats
  • This quiz has been taken 1,154 times
    1,110 since last reset
  • The average score is 17 of 25
Answer Stats
Hints Answer % Correct
Family band, bus, "Come On, Get Happy" The Partridge Family
87%
Moving On Up, dry cleaners The Jeffersons
83%
Meathead, Dingbat, Stifle yourself! All in the Family
81%
Jump the Shark, "Sit on it!" Happy Days
80%
egg-shaped spaceship, "Shazbot!" Mork & Mindy
79%
Brewery, Milwaukee, roommates Laverne and Shirley
78%
Blended family with a live in maid The Brady Bunch
76%
Mountain family, the Great Depression The Waltons
76%
Book 'em Dano!, slang term for police Hawaii 5-O
74%
Peugeot, raincoat, cigar, "one more thing" Columbo
73%
"Suicide is Painless" Nurse Able, Nurse Baker M*A*S*H
73%
"Up your nose with a rubber hose" Sweathogs Welcome Back, Kotter
73%
Newsroom, Happy Homemaker, "I hate spunk" The Mary Tyler Moore Show
71%
Slob sports writer, neatik photographer The Odd Couple
69%
Waitresses, "Kiss my grits" Alice
68%
"We can rebuild him", astronaut The Six Million Dollar Man
68%
Junkyard, "This is the big one, Elizabeth!" Sanford and Son
67%
Falling turkeys, radio station WKRP in Cincinnati
67%
Chicago, Dyn-o-mite! Good Times
65%
"Hi Bob", Chicago, Jerry the dentist The Bob Newhart Show
65%
Brother and sister variety show The Donny and Marie Show
65%
Ear tug,"Went with the Wind", Mama's Family origin The Carol Burnett Show
59%
Detective, Trailer, Beach, car chases, answering machine The Rockford Files
48%
Statler and Waldorf, Pigs in Space The Muppet Show
47%
Walt Whitman High School, Pete Dixon Room 222
27%
No matching quizzes found
Score Distribution
Percent of People with Each Score
Percentile by Number Answered
Your Score History
You have not taken this quiz since the last reset